| 000 | 00632nam a22002057a 4500 | ||
|---|---|---|---|
| 003 | 0 | ||
| 005 | 20230830125730.0 | ||
| 008 | 230830b xxu||||| |||| 00| 0 eng d | ||
| 020 | _a978-621-406-343-7 | ||
| 050 |
_aG 155 _b.B84 2022 |
||
| 100 | _aBuenaventura, John Paul G. | ||
| 245 |
_aTourism & hospitality marketing _cJohn Paul Buenaventura |
||
| 260 |
_aManila _bMindshapers Co., Inc. _cc2022. |
||
| 300 |
_ax, 212 pages : _bill. ; _c25 cm. |
||
| 500 | _aTourism--Marketing. | ||
| 504 | _aIncludes bibliographical references. | ||
| 650 | _aTourism--Marketing. | ||
| 650 | _aHospitality--marketing. | ||
| 942 |
_2lcc _cBK |
||
| 999 |
_c365223 _d365223 |
||